[Event "Russian Team Championships 2014 (women)"]
[Site "Sochi (Loo)"]
[Date "2014.04.07"]
[Round "1.7"]
[White "Zaiatz, Elena"]
[Black "Charochkina, Daria"]
[Result "0-1"]
[LiveChessVersion "1.4.2"]
[BlackElo "2380"]
[WhiteElo "2414"]
[BlackTeam "SHSM-Nashe nasledie"]
[WhiteTeam "Ladja"]

1. d4 Nf6 2. c4 g6 3. Nc3 d5 4. cxd5 Nxd5 5. e4 Nxc3 6. bxc3 Bg7 7. Be3 c5 8. Rc1
Qa5 9. Qd2 O-O 10. Nf3 Rd8 11. d5 e6 12. Be2 exd5 13. exd5 Bg4 14. c4 Qa3 15. O-O
{[%clk 1:31:31]} Nc6 {[%clk 1:11:30]} 16. Rb1 {[%clk 1:23:24]} b6
{[%clk 1:03:54]} 17. Rb3 {[%clk 1:16:37]} Qa4 {[%clk 1:02:04]} 18. Bh6
{[%clk 1:10:40]} Bxh6 {[%clk 0:49:20]} 19. Qxh6 {[%clk 1:10:54]} Bxf3
{[%clk 0:49:45]} 20. Rxf3 {[%clk 0:43:31]} Nd4 {[%clk 0:50:04]} 21. Rh3
{[%clk 0:43:53]} Nxe2+ {[%clk 0:49:17]} 22. Kh1 {[%clk 0:44:17]} Qxc4
{[%clk 0:47:53]} 23. Qxh7+ {[%clk 0:37:38]} Kf8 {[%clk 0:48:19]} 24. Qh8+
{[%clk 0:36:50]} Ke7 {[%clk 0:48:43]} 25. Qe5+ {[%clk 0:37:16]} Kd7
{[%clk 0:49:04]} 26. Rf3 {[%clk 0:37:36]} Nf4 {[%clk 0:41:49]} 27. Rg1
{[%clk 0:30:34]} Nxd5 {[%clk 0:39:43]} 28. Rxf7+ {[%clk 0:27:48]} Kc6
{[%clk 0:40:09]} 29. Rg7 {[%clk 0:27:53]} Rd6 {[%clk 0:32:18]} 30. Qg3
{[%clk 0:27:25]} Qf4 {[%clk 0:30:33]} 31. Rxg6 {[%clk 0:27:11]} Qxg3
{[%clk 0:30:56]} 32. Rxg3 {[%clk 0:27:38]} Rf8 {[%clk 0:29:10]} 33. f3
{[%clk 0:27:36]} Nf4 {[%clk 0:22:24]} 34. Rg7 {[%clk 0:27:02]} Nd3
{[%clk 0:21:50]} 35. Rb1 {[%clk 0:26:21]} a5 {[%clk 0:21:49]} 36. Kg1
{[%clk 0:26:12]} c4 {[%clk 0:20:49]} 37. a4 {[%clk 0:26:33]} Rf4 {[%clk 0:18:09]}
38. Kf1 {[%clk 0:23:49]} c3 {[%clk 0:16:37]} 39. Rb3 {[%clk 0:24:13]} Rc4
{[%clk 0:16:46]} 40. Rg4 {[%clk 0:54:27]} Rc5 {[%clk 0:45:17]} 0-1

[Event "Russian Team Championships 2014 (women)"]
[Site "Sochi (Loo)"]
[Date "2014.04.07"]
[Round "1.8"]
[White "Savina, Anastasia"]
[Black "Batsiashvili, Nino"]
[Result "1/2-1/2"]
[LiveChessVersion "1.4.2"]
[BlackElo "2408"]
[WhiteElo "2389"]
[BlackTeam "Ladja"]
[WhiteTeam "SHSM-Nashe nasledie"]

1. d4 {[%clk 1:30:57]} d5 {[%clk 1:30:53]} 2. c4 {[%clk 1:31:22]} e6
{[%clk 1:31:21]} 3. Nc3 {[%clk 1:31:45]} Be7 {[%clk 1:31:45]} 4. cxd5
{[%clk 1:29:06]} exd5 {[%clk 1:32:04]} 5. Bf4 {[%clk 1:29:13]} c6
{[%clk 1:32:27]} 6. e3 {[%clk 1:29:24]} Bf5 {[%clk 1:32:29]} 7. g4
{[%clk 1:28:05]} Be6 {[%clk 1:32:52]} 8. h4 {[%clk 1:25:37]} Nd7 {[%clk 1:32:23]}
9. g5 {[%clk 1:25:20]} h6 {[%clk 1:21:32]} 10. g6 {[%clk 1:24:35]} fxg6
{[%clk 1:14:53]} 11. Bd3 {[%clk 1:23:48]} Bf7 {[%clk 1:13:03]} 12. Qc2
{[%clk 1:20:15]} Ngf6 {[%clk 1:06:46]} 13. Bxg6 {[%clk 1:18:19]} O-O
{[%clk 1:05:38]} 14. Nge2 {[%clk 1:10:30]} Nh5 {[%clk 0:48:39]} 15. O-O-O Qe8
{[%clk 0:34:08]} 16. Bh7+ {[%clk 0:46:13]} Kh8 {[%clk 0:34:33]} 17. Rdg1
{[%clk 0:46:11]} b5 {[%clk 0:30:21]} 18. Kb1 {[%clk 0:31:51]} a5 {[%clk 0:27:00]}
19. Bd3 {[%clk 0:20:15]} a4 {[%clk 0:27:13]} 20. Rg6 {[%clk 0:18:38]} Nxf4
{[%clk 0:21:27]} 21. Nxf4 {[%clk 0:18:44]} Nf6 {[%clk 0:17:04]} 22. Rg2
{[%clk 0:15:58]} Bd6 {[%clk 0:15:59]} 23. Nce2 {[%clk 0:14:43]} Ra7
{[%clk 0:10:37]} 24. Rhg1 {[%clk 0:14:35]} Rg8 {[%clk 0:10:33]} 25. Bg6
{[%clk 0:13:34]} Rf8 {[%clk 0:10:39]} 26. Bd3 {[%clk 0:08:26]} Rg8
{[%clk 0:11:03]} 27. Bg6 {[%clk 0:08:18]} Rf8 {[%clk 0:11:21]} 28. Bd3
{[%clk 0:03:20]} Rg8 {[%clk 0:11:40]} 29. Bg6 {[%clk 0:03:05]} 1/2-1/2

[Event "Russian Team Championships 2014 (women)"]
[Site "Sochi (Loo)"]
[Date "2014.04.08"]
[Round "2.1"]
[White "Cmilyte, Viktorija"]
[Black "Gunina, Valentina"]
[Result "1-0"]
[LiveChessVersion "1.4.2"]
[BlackElo "2508"]
[WhiteElo "2511"]
[BlackTeam "SHSM-Nashe nasledie"]
[WhiteTeam "Ugra"]

1. c4 {[%clk 1:30:57]} e6 {[%clk 1:30:40]} 2. Nf3 {[%clk 1:31:12]} d5
{[%clk 1:30:57]} 3. d4 {[%clk 1:31:30]} Nf6 {[%clk 1:31:10]} 4. Nc3
{[%clk 1:31:25]} c6 {[%clk 1:31:02]} 5. Bg5 {[%clk 1:31:37]} Nbd7
{[%clk 1:31:25]} 6. e3 {[%clk 1:31:29]} Qa5 {[%clk 1:31:34]} 7. cxd5
{[%clk 1:31:40]} Nxd5 {[%clk 1:31:45]} 8. Rc1 {[%clk 1:31:59]} h6
{[%clk 1:31:26]} 9. Bh4 {[%clk 1:32:14]} Bb4 {[%clk 1:22:05]} 10. a3
{[%clk 1:32:04]} Bxc3+ {[%clk 1:21:54]} 11. bxc3 {[%clk 1:32:27]} b6
{[%clk 1:22:15]} 12. Nd2 {[%clk 1:24:49]} Ba6 {[%clk 1:16:15]} 13. c4
{[%clk 1:18:50]} Ne7 {[%clk 1:09:44]} 14. Bd3 {[%clk 1:10:24]} Nf5
{[%clk 1:05:31]} 15. Bxf5 {[%clk 1:10:36]} Qxf5 {[%clk 1:03:00]} 16. O-O
{[%clk 1:10:33]} O-O {[%clk 1:02:44]} 17. e4 {[%clk 1:00:05]} Qf4
{[%clk 0:55:09]} 18. Bg3 {[%clk 0:58:16]} Qg5 {[%clk 0:55:14]} 19. Bd6
{[%clk 0:57:02]} Rfd8 {[%clk 0:52:36]} 20. f4 {[%clk 0:56:14]} Qh4
{[%clk 0:42:20]} 21. Rc3 {[%clk 0:46:42]} c5 {[%clk 0:37:27]} 22. e5
{[%clk 0:21:48]} f5 {[%clk 0:34:30]} 23. d5 {[%clk 0:21:16]} exd5
{[%clk 0:33:56]} 24. Nf3 {[%clk 0:16:27]} Qxf4 {[%clk 0:33:50]} 25. Qxd5+
{[%clk 0:16:32]} Kh7 {[%clk 0:33:48]} 26. Bc7 {[%clk 0:11:07]} Qe4
{[%clk 0:27:09]} 27. Qf7 {[%clk 0:09:27]} Rf8 {[%clk 0:01:50]} 28. Qxd7
{[%clk 0:09:46]} Bxc4 {[%clk 0:01:34]} 29. Re1 {[%clk 0:08:04]} Qd5
{[%clk 0:01:54]} 30. e6 {[%clk 0:07:53]} Rac8 {[%clk 0:01:34]} 31. Be5
{[%clk 0:08:00]} Rg8 {[%clk 0:01:17]} 32. Ng5+ {[%clk 0:07:37]} Kh8
{[%clk 0:01:19]} 33. Rh3 {[%clk 0:07:47]} 1-0

[Event "Russian Team Championships 2014 (women)"]
[Site "Sochi (Loo)"]
[Date "2014.04.08"]
[Round "2.2"]
[White "Kovalevskaya, Ekaterina"]
[Black "Pogonina, Natalija"]
[Result "1/2-1/2"]
[LiveChessVersion "1.4.2"]
[BlackElo "2499"]
[WhiteElo "2424"]
[BlackTeam "Ugra"]
[WhiteTeam "SHSM-Nashe nasledie"]

1. c4 {[%clk 1:30:57]} e6 {[%clk 1:30:46]} 2. Nf3 {[%clk 1:31:07]} Nf6
{[%clk 1:30:49]} 3. e3 {[%clk 1:29:10]} d5 {[%clk 1:23:46]} 4. b3
{[%clk 1:29:10]} Be7 {[%clk 1:23:52]} 5. Bb2 {[%clk 1:27:01]} O-O
{[%clk 1:24:10]} 6. Nc3 {[%clk 1:26:06]} c5 {[%clk 1:16:24]} 7. cxd5
{[%clk 1:25:02]} exd5 {[%clk 1:11:08]} 8. d4 {[%clk 1:25:02]} cxd4
{[%clk 0:58:30]} 9. Nxd4 {[%clk 1:25:04]} Ne4 {[%clk 0:58:45]} 10. Bd3
{[%clk 1:17:57]} Bb4 {[%clk 0:51:11]} 11. Rc1 {[%clk 1:07:49]} Qg5
{[%clk 0:47:13]} 12. O-O {[%clk 0:56:17]} Nxc3 {[%clk 0:43:06]} 13. Bxc3
{[%clk 0:56:28]} Ba3 {[%clk 0:43:22]} 14. Rc2 {[%clk 0:53:00]} Bg4
{[%clk 0:40:49]} 15. Qe1 {[%clk 0:50:21]} Nc6 {[%clk 0:36:39]} 16. f4
{[%clk 0:46:41]} Qh6 {[%clk 0:33:12]} 17. Qg3 {[%clk 0:36:22]} Bd7
{[%clk 0:23:25]} 18. Nxc6 {[%clk 0:27:54]} bxc6 {[%clk 0:21:00]} 19. e4
{[%clk 0:27:08]} dxe4 {[%clk 0:17:58]} 20. Bxe4 {[%clk 0:27:31]} Rfe8
{[%clk 0:18:19]} 21. Qf3 {[%clk 0:18:00]} Bc5+ {[%clk 0:06:44]} 22. Kh1
{[%clk 0:18:28]} Bf8 {[%clk 0:07:09]} 23. Be5 {[%clk 0:16:19]} Rac8
{[%clk 0:06:19]} 24. Rd1 {[%clk 0:14:54]} Be6 {[%clk 0:05:41]} 25. Rxc6
{[%clk 0:12:31]} Rxc6 {[%clk 0:04:40]} 26. Bxc6 {[%clk 0:12:55]} Bg4
{[%clk 0:03:48]} 27. Qxg4 {[%clk 0:12:28]} Qxc6 {[%clk 0:04:13]} 28. h3
{[%clk 0:09:31]} f6 {[%clk 0:03:08]} 29. Bd4 {[%clk 0:08:35]} a6 {[%clk 0:02:55]}
30. Bg1 {[%clk 0:08:42]} Re4 {[%clk 0:00:59]} 31. Qf3 {[%clk 0:04:35]} f5
{[%clk 0:00:50]} 32. Rd4 {[%clk 0:02:59]} Qc2 {[%clk 0:00:43]} 33. Rxe4
{[%clk 0:03:00]} fxe4 {[%clk 0:00:50]} 34. Qf2 {[%clk 0:03:18]} Qd3
{[%clk 0:00:40]} 35. Qb6 {[%clk 0:03:07]} Bd6 {[%clk 0:00:38]} 36. Qd8+
{[%clk 0:01:56]} Kf7 {[%clk 0:00:42]} 37. Qd7+ {[%clk 0:02:17]} Kf8
{[%clk 0:00:37]} 38. Qf5+ {[%clk 0:02:06]} Kg8 {[%clk 0:00:46]} 39. Qe6+
{[%clk 0:02:03]} Kf8 {[%clk 0:01:12]} 40. Qf5+ {[%clk 0:31:59]} Kg8
{[%clk 0:31:32]} 41. Qe6+ {[%clk 0:17:52]} Kf8 {[%clk 0:31:09]} 42. f5
{[%clk 0:13:17]} Be7 {[%clk 0:24:56]} 43. Qe5 {[%clk 0:10:16]} Bd6
{[%clk 0:16:33]} 44. Qe6 {[%clk 0:10:40]} Be7 {[%clk 0:15:35]} 45. a4
{[%clk 0:09:45]} h6 {[%clk 0:04:11]} 46. Qc8+ {[%clk 0:05:45]} Kf7
{[%clk 0:04:12]} 47. Qe6+ {[%clk 0:06:10]} Kf8 {[%clk 0:04:37]} 48. a5
{[%clk 0:06:20]} h5 {[%clk 0:03:46]} 49. Qc8+ {[%clk 0:06:07]} Kf7
{[%clk 0:04:11]} 50. Qe6+ {[%clk 0:06:29]} Kf8 {[%clk 0:04:37]} 51. Qc8+
{[%clk 0:05:22]} Kf7 {[%clk 0:05:04]} 52. Qc6 {[%clk 0:05:33]} h4
{[%clk 0:02:19]} 53. Qg6+ {[%clk 0:05:39]} Kf8 {[%clk 0:00:56]} 54. Qe6
{[%clk 0:05:56]} Qe2 {[%clk 0:01:04]} 55. Qc8+ {[%clk 0:01:56]} Kf7
{[%clk 0:01:30]} 56. Qe6+ {[%clk 0:02:22]} Kf8 {[%clk 0:01:56]} 57. Qe5
{[%clk 0:02:33]} Qe1 {[%clk 0:01:08]} 58. Qb8+ {[%clk 0:02:23]} Kf7
{[%clk 0:01:34]} 59. Qb6 {[%clk 0:02:42]} Qe2 {[%clk 0:00:41]} 60. b4
{[%clk 0:02:51]} e3 {[%clk 0:00:38]} 61. Bxe3 {[%clk 0:00:58]} Qe1+
{[%clk 0:00:39]} 62. Bg1 {[%clk 0:01:22]} Bxb4 {[%clk 0:00:56]} 63. Qxa6
{[%clk 0:01:17]} Bxa5 {[%clk 0:01:04]} 64. Qg6+ {[%clk 0:01:36]} Kf8
{[%clk 0:01:10]} 65. Qd6+ {[%clk 0:01:12]} Kf7 {[%clk 0:00:46]} 66. Kh2
{[%clk 0:00:53]} Bc3 {[%clk 0:00:47]} 67. Qd5+ {[%clk 0:00:57]} Kf6
{[%clk 0:00:36]} 68. Bd4+ {[%clk 0:00:46]} Bxd4 {[%clk 0:01:00]} 69. Qxd4+
{[%clk 0:01:12]} Qe5+ {[%clk 0:01:18]} 70. Qxe5+ {[%clk 0:01:37]} Kxe5
{[%clk 0:01:45]} 71. g3 {[%clk 0:01:34]} 1/2-1/2

[Event "Russian Team Championships 2014 (women)"]
[Site "Sochi (Loo)"]
[Date "2014.04.08"]
[Round "2.3"]
[White "Guseva, Marina"]
[Black "Kashlinskaya, Alina"]
[Result "1/2-1/2"]
[LiveChessVersion "1.4.2"]
[BlackElo "2423"]
[WhiteElo "2371"]
[BlackTeam "SHSM-Nashe nasledie"]
[WhiteTeam "Ugra"]

1. d4 {[%clk 1:30:57]} d5 {[%clk 1:30:55]} 2. c4 {[%clk 1:31:23]} e6
{[%clk 1:31:20]} 3. Nc3 {[%clk 1:31:49]} c6 {[%clk 1:31:45]} 4. e3
{[%clk 1:32:15]} Bd6 {[%clk 1:32:11]} 5. Bd3 {[%clk 1:32:41]} f5 {[%clk 1:32:34]}
6. Nge2 {[%clk 1:33:06]} Nf6 {[%clk 1:32:50]} 7. f3 {[%clk 1:33:31]} O-O
{[%clk 1:32:55]} 8. O-O {[%clk 1:33:56]} a6 {[%clk 1:22:58]} 9. c5
{[%clk 1:33:08]} Bc7 {[%clk 1:22:37]} 10. e4 {[%clk 1:32:21]} b6 {[%clk 0:55:24]}
11. exf5 {[%clk 1:10:04]} bxc5 {[%clk 0:53:46]} 12. dxc5 {[%clk 1:10:22]} e5
{[%clk 0:52:56]} 13. Bd2 {[%clk 0:59:00]} a5 {[%clk 0:47:16]} 14. a3
{[%clk 0:49:38]} Ba6 {[%clk 0:42:01]} 15. Bxa6 {[%clk 0:47:47]} Nxa6
{[%clk 0:39:08]} 16. Na4 {[%clk 0:48:12]} Nd7 {[%clk 0:36:16]} 17. Qc2
{[%clk 0:43:44]} Qf6 {[%clk 0:30:44]} 18. g4 {[%clk 0:33:18]} Rae8
{[%clk 0:23:30]} 19. Kh1 {[%clk 0:27:28]} Kh8 {[%clk 0:20:47]} 20. Be3
{[%clk 0:19:39]} Qf7 {[%clk 0:09:17]} 21. Ng3 {[%clk 0:16:16]} Nf6
{[%clk 0:08:49]} 22. Qe2 {[%clk 0:08:14]} Nb8 {[%clk 0:09:15]} 23. b4
{[%clk 0:07:02]} d4 {[%clk 0:05:38]} 24. Bg5 {[%clk 0:05:08]} Nd5
{[%clk 0:04:12]} 25. bxa5 {[%clk 0:04:01]} Bxa5 {[%clk 0:03:38]} 26. Ne4
{[%clk 0:04:14]} Bc7 {[%clk 0:03:58]} 27. Rab1 {[%clk 0:02:20]} Nd7
{[%clk 0:03:14]} 28. Qa6 {[%clk 0:01:51]} h6 {[%clk 0:01:50]} 29. Bd2
{[%clk 0:01:22]} Nb8 {[%clk 0:01:56]} 30. Qd3 {[%clk 0:01:18]} Nd7
{[%clk 0:01:48]} 31. Nb2 {[%clk 0:01:15]} N7f6 {[%clk 0:01:57]} 32. Nc4
{[%clk 0:01:11]} Nxe4 {[%clk 0:01:59]} 33. fxe4 {[%clk 0:01:20]} Nf6
{[%clk 0:02:29]} 34. Rb7 {[%clk 0:01:17]} Nxe4 {[%clk 0:01:57]} 35. Rxc7
{[%clk 0:00:45]} Qd5 {[%clk 0:02:25]} 36. Kg1 {[%clk 0:00:57]} Nxd2
{[%clk 0:01:15]} 37. Nxd2 {[%clk 0:00:52]} e4 {[%clk 0:01:44]} 38. Qc4
{[%clk 0:00:44]} e3 {[%clk 0:00:57]} 39. Qxd5 {[%clk 0:01:11]} cxd5
{[%clk 0:01:24]} 40. Nf3 {[%clk 0:30:49]} d3 {[%clk 0:31:45]} 41. Rd7
{[%clk 0:17:19]} Re4 {[%clk 0:21:27]} 42. Rxd5 {[%clk 0:14:59]} d2
{[%clk 0:17:45]} 43. Nxd2 {[%clk 0:07:05]} Rxg4+ {[%clk 0:18:08]} 44. Kh1
{[%clk 0:07:33]} exd2 {[%clk 0:18:28]} 45. Rxd2 {[%clk 0:07:57]} Rc4
{[%clk 0:18:33]} 46. Rd5 {[%clk 0:08:23]} Rc8 {[%clk 0:17:43]} 47. f6
{[%clk 0:06:40]} gxf6 {[%clk 0:15:32]} 48. Rxf6 {[%clk 0:06:59]} Kg7
{[%clk 0:08:15]} 49. Rb6 {[%clk 0:03:39]} Rc7 {[%clk 0:06:22]} 50. Rdd6
{[%clk 0:01:41]} R4xc5 {[%clk 0:06:15]} 51. Rg6+ {[%clk 0:02:05]} Kf8
{[%clk 0:05:43]} 52. Rbf6+ {[%clk 0:02:27]} Ke7 {[%clk 0:04:52]} 53. Rf2
{[%clk 0:01:50]} Rc1+ {[%clk 0:04:00]} 54. Kg2 {[%clk 0:02:14]} R7c3
{[%clk 0:03:30]} 55. Rxh6 {[%clk 0:01:41]} Rxa3 {[%clk 0:03:52]} 56. Rb6
{[%clk 0:01:34]} Rac3 {[%clk 0:03:39]} 57. Rbb2 {[%clk 0:01:53]} Rc6
{[%clk 0:03:50]} 58. h4 {[%clk 0:01:25]} Rg6+ {[%clk 0:02:48]} 59. Kh2
{[%clk 0:01:39]} Rc7 {[%clk 0:02:09]} 60. Rb4 {[%clk 0:01:41]} Rf6
{[%clk 0:01:43]} 61. Rg2 {[%clk 0:01:16]} Rfc6 {[%clk 0:01:14]} 62. Kh3
{[%clk 0:01:10]} Rc3+ {[%clk 0:01:37]} 63. Kg4 {[%clk 0:01:34]} R3c4+
{[%clk 0:01:50]} 64. Rxc4 {[%clk 0:01:59]} Rxc4+ {[%clk 0:02:18]} 65. Kg5
{[%clk 0:02:18]} Kf7 {[%clk 0:02:37]} 1/2-1/2

[Event "Russian Team Championships 2014 (women)"]
[Site "Sochi (Loo)"]
[Date "2014.04.08"]
[Round "2.4"]
[White "Charochkina, Daria"]
[Black "Shadrina, Tatiana"]
[Result "1-0"]
[LiveChessVersion "1.4.2"]
[BlackElo "2355"]
[WhiteElo "2380"]
[BlackTeam "Ugra"]
[WhiteTeam "SHSM-Nashe nasledie"]

1. d4 {[%clk 1:30:51]} d5 {[%clk 1:30:49]} 2. c4 {[%clk 1:31:16]} e6
{[%clk 1:30:49]} 3. Nc3 {[%clk 1:31:40]} Nf6 {[%clk 1:31:16]} 4. cxd5
{[%clk 1:31:53]} exd5 {[%clk 1:31:41]} 5. Bg5 {[%clk 1:32:19]} Be7
{[%clk 1:31:49]} 6. e3 {[%clk 1:32:24]} c6 {[%clk 1:32:07]} 7. Bd3
{[%clk 1:32:32]} O-O {[%clk 1:31:07]} 8. Nf3 {[%clk 1:32:46]} Nbd7
{[%clk 1:30:15]} 9. Qc2 {[%clk 1:32:46]} Re8 {[%clk 1:30:35]} 10. h3
{[%clk 1:33:08]} Nf8 {[%clk 1:28:08]} 11. g4 {[%clk 1:31:56]} Be6
{[%clk 1:14:50]} 12. O-O-O {[%clk 1:32:12]} Rc8 {[%clk 1:14:14]} 13. Kb1
{[%clk 1:32:23]} c5 {[%clk 1:09:14]} 14. dxc5 {[%clk 1:30:32]} Rxc5
{[%clk 1:07:03]} 15. Nd4 {[%clk 1:30:51]} Qc8 {[%clk 0:42:36]} 16. Nb3
{[%clk 1:23:42]} Rc6 {[%clk 0:32:06]} 17. Bb5 {[%clk 1:22:18]} Bd7
{[%clk 0:32:20]} 18. Bxc6 {[%clk 1:22:11]} bxc6 {[%clk 0:32:45]} 19. Rhe1
{[%clk 1:07:36]} h6 {[%clk 0:20:47]} 20. Bxf6 {[%clk 0:48:08]} Bxf6
{[%clk 0:21:12]} 21. e4 {[%clk 0:47:22]} Bxc3 {[%clk 0:16:34]} 22. Qxc3
{[%clk 0:47:29]} dxe4 {[%clk 0:15:22]} 23. Nc5 {[%clk 0:47:52]} Be6
{[%clk 0:14:54]} 24. Nxe4 {[%clk 0:44:41]} Qa6 {[%clk 0:14:08]} 25. a3
{[%clk 0:44:44]} Nd7 {[%clk 0:07:37]} 26. Nd6 {[%clk 0:29:51]} Rb8
{[%clk 0:07:03]} 27. Nf5 {[%clk 0:29:31]} Bxf5+ {[%clk 0:03:47]} 28. gxf5
{[%clk 0:29:57]} Nf6 {[%clk 0:03:08]} 29. Rd6 {[%clk 0:29:16]} Qb5
{[%clk 0:02:36]} 30. Rxf6 {[%clk 0:24:02]} gxf6 {[%clk 0:03:01]} 31. Qxf6
{[%clk 0:24:22]} Qb3 {[%clk 0:00:37]} 32. Rg1+ {[%clk 0:24:07]} 1-0

[Event "Russian Team Championships 2014 (women)"]
[Site "Sochi (Loo)"]
[Date "2014.04.08"]
[Round "2.5"]
[White "Bodnaruk, Anastasia"]
[Black "Galliamova, Alisa"]
[Result "0-1"]
[LiveChessVersion "1.4.2"]
[BlackElo "2458"]
[WhiteElo "2453"]
[BlackTeam "Ladja"]
[WhiteTeam "Club Chigorin"]

1. e4 {[%clk 1:30:58]} c5 {[%clk 1:30:56]} 2. Nf3 {[%clk 1:31:22]} e6
{[%clk 1:31:22]} 3. d4 {[%clk 1:31:46]} cxd4 {[%clk 1:31:45]} 4. Nxd4
{[%clk 1:32:14]} Nf6 {[%clk 1:32:01]} 5. Bd3 {[%clk 1:29:07]} Nc6
{[%clk 1:21:12]} 6. Nxc6 {[%clk 1:27:11]} bxc6 {[%clk 1:20:45]} 7. O-O
{[%clk 1:26:40]} d5 {[%clk 1:17:53]} 8. e5 {[%clk 1:26:10]} Nd7 {[%clk 1:18:15]}
9. Re1 {[%clk 1:21:24]} g6 {[%clk 0:59:39]} 10. Nd2 {[%clk 1:12:31]} Bg7
{[%clk 0:58:18]} 11. f4 {[%clk 1:12:48]} O-O {[%clk 0:56:13]} 12. Nf3
{[%clk 1:12:51]} c5 {[%clk 0:47:15]} 13. c4 {[%clk 1:06:06]} dxc4
{[%clk 0:41:49]} 14. Be4 {[%clk 0:46:38]} Rb8 {[%clk 0:41:49]} 15. Qa4
{[%clk 0:45:29]} Qc7 {[%clk 0:38:10]} 16. Qxc4 {[%clk 0:43:24]} Nb6
{[%clk 0:38:27]} 17. Qc2 {[%clk 0:42:05]} Rd8 {[%clk 0:32:40]} 18. Bd2
{[%clk 0:35:12]} Nd5 {[%clk 0:28:25]} 19. Bxd5 {[%clk 0:29:03]} exd5
{[%clk 0:27:15]} 20. b4 {[%clk 0:28:39]} Bf8 {[%clk 0:26:15]} 21. Rac1
{[%clk 0:26:52]} c4 {[%clk 0:19:49]} 22. Nd4 {[%clk 0:12:08]} Bxb4
{[%clk 0:17:02]} 23. Bxb4 {[%clk 0:12:35]} Rxb4 {[%clk 0:17:29]} 24. Qc3
{[%clk 0:12:29]} Ra4 {[%clk 0:15:28]} 25. Re3 {[%clk 0:07:15]} Re8
{[%clk 0:13:01]} 26. f5 {[%clk 0:03:07]} Qa5 {[%clk 0:09:02]} 27. Qxa5
{[%clk 0:01:41]} Rxa5 {[%clk 0:09:28]} 28. g4 {[%clk 0:01:50]} Rxa2
{[%clk 0:08:31]} 29. Rd1 {[%clk 0:01:07]} gxf5 {[%clk 0:06:13]} 30. gxf5
{[%clk 0:01:27]} Kh8 {[%clk 0:06:26]} 31. e6 {[%clk 0:01:15]} fxe6
{[%clk 0:06:03]} 32. fxe6 {[%clk 0:01:44]} c3 {[%clk 0:03:54]} 33. Rxc3
{[%clk 0:01:16]} Bxe6 {[%clk 0:04:07]} 34. Nxe6 {[%clk 0:01:02]} Rxe6
{[%clk 0:04:33]} 35. Rcd3 {[%clk 0:00:55]} Rg6+ {[%clk 0:03:44]} 36. Kf1
{[%clk 0:00:39]} Rxh2 {[%clk 0:03:47]} 37. Rxd5 {[%clk 0:01:02]} Rh1+
{[%clk 0:02:47]} 38. Kf2 {[%clk 0:01:22]} Rf6+ {[%clk 0:02:46]} 39. Kg2
{[%clk 0:01:20]} Rxd1 {[%clk 0:03:06]} 40. Rxd1 {[%clk 0:31:50]} Kg7
{[%clk 0:32:45]} 41. Rd7+ {[%clk 0:29:49]} Rf7 {[%clk 0:31:39]} 42. Rd6
{[%clk 0:30:10]} a5 {[%clk 0:30:32]} 43. Ra6 {[%clk 0:14:42]} Rf5
{[%clk 0:30:54]} 44. Kg3 {[%clk 0:15:09]} h5 {[%clk 0:30:14]} 45. Kh4
{[%clk 0:12:28]} Kf7 {[%clk 0:30:34]} 46. Rd6 {[%clk 0:12:36]} Ke7
{[%clk 0:30:15]} 47. Rd4 {[%clk 0:12:28]} Ke6 {[%clk 0:30:02]} 48. Ra4
{[%clk 0:12:41]} Kd6 {[%clk 0:29:14]} 49. Rc4 {[%clk 0:13:02]} Rc5
{[%clk 0:25:24]} 50. Ra4 {[%clk 0:12:40]} Kc6 {[%clk 0:25:46]} 51. Ra1
{[%clk 0:12:47]} Kb5 {[%clk 0:25:25]} 52. Rb1+ {[%clk 0:13:10]} Kc4
{[%clk 0:22:49]} 0-1

[Event "Russian Team Championships 2014 (women)"]
[Site "Sochi (Loo)"]
[Date "2014.04.08"]
[Round "2.6"]
[White "Atalik, Ekaterina"]
[Black "Mammadova, Gulnar"]
[Result "1/2-1/2"]
[LiveChessVersion "1.4.2"]
[BlackElo "2323"]
[WhiteElo "2442"]
[BlackTeam "Club Chigorin"]
[WhiteTeam "Ladja"]

1. d4 {[%clk 1:30:55]} d5 {[%clk 1:30:50]} 2. c4 {[%clk 1:31:21]} c6
{[%clk 1:31:10]} 3. Nf3 {[%clk 1:31:44]} Nf6 {[%clk 1:31:33]} 4. Qc2
{[%clk 1:31:48]} Na6 {[%clk 1:29:08]} 5. e3 {[%clk 1:25:12]} g6 {[%clk 1:26:17]}
6. Nc3 {[%clk 1:21:43]} Bg7 {[%clk 1:24:38]} 7. c5 {[%clk 1:19:50]} Bf5
{[%clk 1:19:58]} 8. Qb3 {[%clk 1:18:08]} Qc8 {[%clk 1:18:20]} 9. Be2
{[%clk 1:13:58]} O-O {[%clk 1:17:09]} 10. h3 {[%clk 1:09:58]} Nd7
{[%clk 1:13:54]} 11. Nh4 {[%clk 0:51:59]} Be6 {[%clk 1:12:17]} 12. Bd2
{[%clk 0:50:54]} Naxc5 {[%clk 1:04:04]} 13. dxc5 {[%clk 0:51:06]} d4
{[%clk 1:04:27]} 14. Qa3 {[%clk 0:45:45]} dxc3 {[%clk 1:04:10]} 15. Bxc3
{[%clk 0:46:08]} Qc7 {[%clk 0:58:53]} 16. Nf3 {[%clk 0:43:05]} Bd5
{[%clk 0:54:47]} 17. O-O {[%clk 0:40:57]} e5 {[%clk 0:51:16]} 18. b4
{[%clk 0:39:03]} Rfe8 {[%clk 0:49:57]} 19. Qb2 {[%clk 0:38:37]} a5
{[%clk 0:47:47]} 20. a3 {[%clk 0:36:02]} b6 {[%clk 0:45:15]} 21. cxb6
{[%clk 0:31:36]} Nxb6 {[%clk 0:45:08]} 22. Qc2 {[%clk 0:29:06]} axb4
{[%clk 0:44:58]} 23. axb4 {[%clk 0:29:27]} Rxa1 {[%clk 0:40:24]} 24. Rxa1
{[%clk 0:26:58]} Bxf3 {[%clk 0:38:04]} 25. Bxf3 {[%clk 0:26:04]} Nd5
{[%clk 0:38:00]} 26. e4 {[%clk 0:18:55]} Nxc3 {[%clk 0:36:43]} 27. Qxc3
{[%clk 0:19:21]} Qb6 {[%clk 0:36:24]} 28. Rc1 {[%clk 0:17:18]} Bf8
{[%clk 0:35:21]} 29. Qxc6 {[%clk 0:16:22]} Qxc6 {[%clk 0:35:45]} 30. Rxc6
{[%clk 0:16:48]} Bxb4 {[%clk 0:36:08]} 31. Be2 {[%clk 0:16:32]} Re7
{[%clk 0:36:01]} 32. Bc4 {[%clk 0:16:41]} Ba3 {[%clk 0:35:55]} 33. Bd5
{[%clk 0:15:35]} Bb2 {[%clk 0:36:15]} 34. g3 {[%clk 0:15:26]} Kg7
{[%clk 0:35:45]} 35. Kg2 {[%clk 0:15:30]} Bd4 {[%clk 0:34:38]} 36. Rc2
{[%clk 0:12:14]} h6 {[%clk 0:31:34]} 37. h4 {[%clk 0:12:14]} Ba1 {[%clk 0:30:31]}
38. Ra2 {[%clk 0:12:16]} Bd4 {[%clk 0:30:56]} 39. Rc2 {[%clk 0:12:39]} Ba1
{[%clk 0:31:20]} 40. Ra2 {[%clk 0:42:44]} Bd4 {[%clk 1:01:44]} 41. Rc2 1/2-1/2